محمد ا يو ب و ا قف:شخصيت ا و ر ا د بی خد ما ت (Record no. 95192)

MARC details
000 -LEADER
fixed length control field 00817nam a22002177a 4500
005 - DATE AND TIME OF LATEST TRANSACTION
control field 20150723160032.0
008 - FIXED-LENGTH DATA ELEMENTS--GENERAL INFORMATION
fixed length control field 140714b xxu||||| |||| 00| 0 Urdu d
010 ## - LCCN (DPL NO)
LC control number UR-9226
020 q# - INTERNATIONAL STANDARD BOOK NUMBER
Terms of availability 300.00
035 ## - SYSTEM CONTROL NUMBER
System control number U-7781
037 ## - SOURCE OF ACQUISITION
Source of stock number/acquisition DBAD/Pub.
040 ## - CATALOGING SOURCE
Original cataloging agency DPL
Language of cataloging Urdu
082 ## - DEWEY DECIMAL CLASSIFICATION NUMBER
Classification number 840.8
100 ## - MAIN ENTRY--PERSONAL NAME
Personal name مر تبہ :سيفی سر و نجی ‎
245 ## - TITLE STATEMENT
Title محمد ا يو ب و ا قف:شخصيت ا و ر ا د بی خد ما ت
Statement of responsibility, etc مر تبہ :سيفی سر و نجی ‎
246 ## - VARYING FORM OF TITLE
Title proper/short title Mohd. Ayub Waqif:Shakhsiat aur Adabi Khidmaat
Remainder of title By Saifi Saronji
260 ## - PUBLICATION, DISTRIBUTION, ETC. (IMPRINT)
Place of publication, distribution, etc New Mumbai
Date of publication, distribution, etc 2011
Name of publisher, distributor, etc Saifi Saronji
270 ## - ADDRESS
Address Sea Queen Avenue B,Wing,F No.705,7th floor Sect. no 14KoPar Khairne,
City New Mumbai
Postal code 400709
Telephone number 9320690691
300 ## - PHYSICAL DESCRIPTION
Extent 304+4ص
Dimensions 22Cm (Hb)
942 ## - ADDED ENTRY ELEMENTS (KOHA)
Source of classification or shelving scheme Dewey Decimal Classification
Item type Urdu Bks
Edition
Classification part 840.8
Call number suffix م ح م
Holdings
Withdrawn status Lost status Source of classification or shelving scheme Damaged status Not for loan Collection code Home library Current library Date acquired Source of acquisition Cost, normal purchase price Total Checkouts Full call number Barcode Date last seen Copy number Cost, replacement price Koha item type
    Dewey Decimal Classification   Not For Loan Non-fiction D.B.Act.Division D.B.Act.Division 23/07/2015 DBAD/Pub. 300.00   840.8 م ح م U-7781 23/07/2015 1 300.00 Urdu Bks

© Delhi Public Library
Hit Counter
free hit counter